[Event "Verbandsliga Nordbaden 1920"]
[Site "Baden"]
[Date "2019.11.10"]
[Round "2.5"]
[White "Kolb, Hans Martin"]
[Black "Guenthner, Oliver"]
[Result "0-1"]
[WhiteElo "2218"]
[BlackElo "2173"]
[PlyCount "68"]
[EventDate "2019.09.29"]
[EventType "team-tourn"]
[EventRounds "9"]
[EventCountry "GER"]
[SourceTitle "EXT 2021"]
[Source "ChessBase"]
[SourceDate "2020.10.23"]
[SourceVersion "1"]
[SourceVersionDate "2020.10.23"]
[SourceQuality "1"]
[WhiteTeam "Lindenhof"]
[BlackTeam "Hockenheim II"]
[WhiteTeamCountry "GER"]
[BlackTeamCountry "GER"]

1. d4 d5 2. Bg5 h6 3. Bf4 Nf6 4. e3 Bg4 5. Nf3 e6 6. h3 Bf5 7. c3 Bd6 8. Bxd6 Qxd6 9. Nbd2 Nbd7 10. c4 b6 11. cxd5 exd5 12. Qa4 0-0 13. Ba6 c5 14. 0-0 Rad8 15. Rfd1 Nb8 16. Be2 a6 17. Rac1 c4 18. Ne5 Nfd7 19. Nxd7 Rxd7 20. Bf3 b5 21. Qa5 Nc6 22. Qxa6 Rb8 23. Qa3 b4 24. Qa4 Ra7 25. Nxc4 Qd7 26. Qb3 dxc4 27. Qxc4 Na5 28. Qc5 Rb5 29. Qxa7 Qxa7 30. g4 Bd7 31. e4 Nc6 32. d5 Ne5 33. Bg2 Rc5 34. Ra1 Rc2 0-1

[Event "Verbandsliga Nordbaden 1920"]
[Site "Baden"]
[Date "2019.09.29"]
[Round "1.4"]
[White "Hauke, Christian"]
[Black "Guenthner, Oliver"]
[Result "1/2-1/2"]
[WhiteElo "2174"]
[BlackElo "2173"]
[PlyCount "33"]
[EventDate "2019.09.29"]
[EventType "team-tourn"]
[EventRounds "9"]
[EventCountry "GER"]
[SourceTitle "EXT 2021"]
[Source "ChessBase"]
[SourceDate "2020.10.23"]
[SourceVersion "1"]
[SourceVersionDate "2020.10.23"]
[SourceQuality "1"]
[WhiteTeam "Bad Mergentheim II"]
[BlackTeam "Hockenheim II"]
[WhiteTeamCountry "GER"]
[BlackTeamCountry "GER"]

1. d4 d5 2. Bg5 h6 3. Bh4 c6 4. Nc3 Bf5 5. e3 Nd7 6. Bd3 Bxd3 7. Qxd3 Ngf6 8. Nf3 e6 9. 0-0 Be7 10. e4 dxe4 11. Nxe4 Nxe4 12. Qxe4 Bxh4 13. Qxh4 Qxh4 14. Nxh4 0-0 15. Rad1 Rfd8 16. Rfe1 Nf6 17. Nf3 1/2-1/2

[Event "Alsace-Baden"]
[Site "Selestat"]
[Date "2019.09.22"]
[Round "1.6"]
[White "Roos, Jean Luc"]
[Black "Guenthner, Oliver"]
[Result "0-1"]
[WhiteElo "2231"]
[BlackElo "2173"]
[PlyCount "86"]
[EventDate "2019.09.22"]
[EventType "team-match"]
[EventRounds "1"]
[EventCountry "FRA"]
[SourceTitle "CBM 192 Extra"]
[Source "Chessbase"]
[SourceDate "2019.11.06"]
[SourceVersion "1"]
[SourceVersionDate "2019.11.06"]
[SourceQuality "1"]
[WhiteTeam "Alsace"]
[BlackTeam "Baden"]
[WhiteTeamCountry "FRA"]
[BlackTeamCountry "GER"]

1. d4 d5 2. c4 Bf5 3. Qb3 e5 4. cxd5 exd4 5. Nf3 Nf6 6. Nxd4 Bxb1 7. Rxb1 Qxd5 8. Qxd5 Nxd5 9. a3 Bc5 10. Nb3 Bb6 11. e3 Nd7 12. Bc4 N5f6 13. 0-0 Ne5 14. Be2 0-0 15. Rd1 Rfd8 16. Bd2 Nd5 17. Rbc1 c6 18. Nc5 Rab8 19. b4 a6 20. e4 Nf6 21. Bf4 Re8 22. Kf1 h6 23. Bg3 Bc7 24. h3 Re7 25. f4 Ng6 26. e5 Nd5 27. Rxd5 cxd5 28. Bf3 Bb6 29. Bxd5 Rd8 30. Bf3 Rd4 31. Nxb7 Bc7 32. Na5 Bxa5 33. bxa5 Nxf4 34. Rc8+ Kh7 35. Rc6 Rxe5 36. Rxa6 Rc4 37. Rd6 Rxa5 38. Rd7 Rxa3 39. Be1 Nxh3 40. Bd5 Rf4+ 41. Ke2 Ng5 42. Bd2 Rd4 43. Be3 Rg4 0-1

[Event "Oberliga Baden 1819"]
[Site "Baden"]
[Date "2018.11.25"]
[Round "3.6"]
[White "Dorofeev, Alexei"]
[Black "Guenthner, Oliver"]
[Result "0-1"]
[WhiteElo "2152"]
[BlackElo "2193"]
[PlyCount "76"]
[EventDate "2018.10.21"]
[EventType "team-tourn"]
[EventRounds "9"]
[EventCountry "GER"]
[SourceTitle "EXT 2020"]
[Source "ChessBase"]
[SourceDate "2019.10.17"]
[SourceVersion "1"]
[SourceVersionDate "2019.10.17"]
[SourceQuality "1"]
[WhiteTeam "Dreisamtal"]
[BlackTeam "Hockenheim II"]
[WhiteTeamCountry "GER"]
[BlackTeamCountry "GER"]

1. e4 c5 2. Nf3 d6 3. d3 Nc6 4. g3 g6 5. Bg2 Bg7 6. 0-0 e5 7. c3 Nge7 8. a3 a5 9. a4 0-0 10. Na3 h6 11. Nd2 Be6 12. Ndc4 d5 13. exd5 Nxd5 14. Re1 Rb8 15. Qb3 b6 16. Nb5 Qd7 17. Bd2 Rfd8 18. Rad1 Bg4 19. f3 Be6 20. Qc2 Kh7 21. Bf1 Kh8 22. Ne3 Nxe3 23. Bxe3 Re8 24. Rd2 Rbd8 25. Red1 Kh7 26. Bf2 Bf5 27. g4 Be6 28. d4 exd4 29. cxd4 cxd4 30. Nxd4 Nxd4 31. Bxd4 Bxd4+ 32. Rxd4 Qxd4+ 33. Rxd4 Rxd4 34. Qc6 Rc8 35. Qxb6 Rd1 36. Kf2 Rc2+ 37. Ke3 Rxf1 38. Qxa5 Rxb2 0-1

[Event "Verbandsliga Nordbaden 1617"]
[Site "Baden"]
[Date "2017.05.14"]
[Round "9.1"]
[White "Gasthofer, Viktor"]
[Black "Guenthner, Oliver"]
[Result "1-0"]
[WhiteElo "2307"]
[BlackElo "2229"]
[PlyCount "113"]
[EventDate "2016.10.09"]
[EventType "team-tourn"]
[EventRounds "9"]
[EventCountry "GER"]
[SourceTitle "EXT 2022"]
[Source "ChessBase"]
[SourceDate "2021.10.06"]
[SourceVersion "1"]
[SourceVersionDate "2021.10.06"]
[SourceQuality "1"]
[WhiteTeam "Bad Mergentheim II"]
[BlackTeam "Hockenheim II"]
[WhiteTeamCountry "GER"]
[BlackTeamCountry "GER"]

1. c4 e5 2. Nc3 Nc6 3. Nf3 g6 4. d4 exd4 5. Nd5 Bg7 6. Bg5 Nce7 7. Nxd4 c6 8. Nc3 d6 9. e3 Nf6 10. Be2 0-0 11. 0-0 d5 12. Rc1 Qa5 13. Nb3 Qd8 14. Bxf6 Bxf6 15. cxd5 Bxc3 16. Rxc3 Nxd5 17. Rd3 Qe7 18. Rd2 Nb6 19. Qc2 Be6 20. Qc5 Qc7 21. Nd4 Bd5 22. Nb5 Qb8 23. Nc3 Be6 24. Rfd1 Qc7 25. b3 Rad8 26. Rd4 Rxd4 27. Qxd4 Ra8 28. h4 Nd7 29. Bc4 c5 30. Qd6 Qxd6 31. Rxd6 Nf8 32. Bxe6 fxe6 33. Ne4 Rc8 34. Ng5 Re8 35. Kh2 Kg7 36. Kg3 Kf6 37. f4 Ke7 38. Rd2 h6 39. Ne4 b6 40. h5 Rc8 41. hxg6 Nxg6 42. Kg4 Nh8 43. Kh5 Nf7 44. g4 Rh8 45. Nc3 Nd6 46. e4 Nf7 47. e5 Rc8 48. Ne4 c4 49. Nd6 Nxd6 50. exd6+ Kd7 51. bxc4 Rxc4 52. f5 exf5 53. gxf5 Rf4 54. Kg6 h5 55. f6 h4 56. f7 h3 57. Rh2 1-0

[Event "GER CupT 1617 prel6"]
[Site "Mendig"]
[Date "2017.01.29"]
[Round "2.3"]
[White "Guenthner, Oliver"]
[Black "Riedel, Finn"]
[Result "1/2-1/2"]
[WhiteElo "2229"]
[BlackElo "2111"]
[PlyCount "91"]
[EventDate "2017.01.28"]
[EventType "team-k.o."]
[EventRounds "2"]
[EventCountry "GER"]
[SourceTitle "EXT 2019"]
[Source "ChessBase"]
[SourceDate "2018.10.10"]
[SourceVersion "1"]
[SourceVersionDate "2018.10.10"]
[SourceQuality "1"]
[WhiteTeam "Hockenheim"]
[BlackTeam "Weimar Vimaria"]
[WhiteTeamCountry "GER"]
[BlackTeamCountry "GER"]

1. Nf3 d6 2. e4 Nf6 3. Nc3 g6 4. h3 Bg7 5. d4 0-0 6. Bg5 c6 7. Qd2 b5 8. Bd3 b4 9. Ne2 a5 10. 0-0 Ba6 11. Rfe1 Bxd3 12. Qxd3 Qc7 13. c4 Na6 14. Rad1 Rfd8 15. Qc2 b3 16. axb3 Nb4 17. Qb1 Ne8 18. Nc3 f6 19. Be3 Qb7 20. Nd2 Nc7 21. f4 e5 22. d5 c5 23. Rf1 Bh6 24. Rf3 Rf8 25. Rdf1 Rf7 26. Nd1 Raf8 27. fxe5 Bxe3+ 28. Nxe3 fxe5 29. Rxf7 Rxf7 30. Rxf7 Kxf7 31. Qa1 Qa8 32. Ng4 Ne8 33. Nf3 Qd8 34. Qc1 Qe7 35. Ng5+ Kg8 36. Nh6+ Kh8 37. Qf1 Nc2 38. Qf2 Kg7 39. Qh4 Nf6 40. Ne6+ Kh8 41. Ng4 Nxd5 42. Qf2 Ndb4 43. Nh6 Nd4 44. Nf7+ Kg8 45. Nh6+ Kh8 46. Nf7+ 1/2-1/2

[Event "Liechtenstein op 32nd"]
[Site "Triesen"]
[Date "2014.05.30"]
[Round "8"]
[White "Guenthner, Oliver"]
[Black "Bruno, Fabio"]
[Result "0-1"]
[WhiteElo "2238"]
[BlackElo "2419"]
[PlyCount "80"]
[EventDate "2014.05.23"]
[EventType "swiss"]
[EventRounds "9"]
[EventCountry "LIE"]
[SourceTitle "CBM 160 Extra"]
[Source "ChessBase"]
[SourceDate "2014.07.01"]
[SourceVersion "1"]
[SourceVersionDate "2014.07.01"]
[SourceQuality "1"]

1. c4 c5 2. Nc3 Nc6 3. g3 g6 4. Bg2 Bg7 5. e4 d6 6. Nge2 e6 7. 0-0 Nge7 8. d3 0-0 9. Rb1 b6 10. a3 Bb7 11. b4 Qd7 12. Bf4 Nd4 13. Qd2 Nec6 14. Bh6 Ne5 15. Nxd4 cxd4 16. Ne2 Bxh6 17. Qxh6 Nxd3 18. Qd2 Ne5 19. Qxd4 Rac8 20. Rbc1 Qc7 21. Rc3 a5 22. Rfc1 axb4 23. axb4 Nc6 24. Qe3 Nxb4 25. Rb3 Qc5 26. Qd2 Na6 27. Qb2 Rb8 28. Rb5 Qc7 29. Qf6 Bc6 30. Rg5 Nc5 31. Nf4 Qd8 32. Nh5 Qxf6 33. Nxf6+ Kg7 34. Rxc5 bxc5 35. e5 dxe5 36. Nh5+ gxh5 37. Bxc6 f5 38. Bb5 Rfd8 39. Re1 Kf6 40. h4 Ra8 0-1

[Event "Liechtenstein op 30th"]
[Site "Triesen"]
[Date "2012.05.16"]
[Round "6"]
[White "Guenthner, Oliver"]
[Black "Vogel, Jaap"]
[Result "0-1"]
[WhiteElo "2261"]
[BlackElo "2163"]
[PlyCount "58"]
[EventDate "2012.05.11"]
[EventType "swiss"]
[EventRounds "9"]
[EventCountry "LIE"]
[SourceTitle "CBM 148 Extra"]
[Source "ChessBase"]
[SourceDate "2012.06.22"]
[SourceVersion "1"]
[SourceVersionDate "2012.06.22"]
[SourceQuality "1"]

1. Nf3 Nf6 2. c4 e6 3. g3 d5 4. Bg2 Be7 5. 0-0 0-0 6. d3 b6 7. b3 Bb7 8. Bb2 c5 9. Na3 Nc6 10. cxd5 exd5 11. d4 Ne4 12. dxc5 bxc5 13. Nd2 f5 14. Nxe4 fxe4 15. Nc2 a5 16. f3 d4 17. fxe4 Qd7 18. Na3 Rxf1+ 19. Qxf1 Rf8 20. Qd1 Ne5 21. Nc4 Nxc4 22. bxc4 Qe6 23. Qd3 Ba6 24. Rc1 Bg5 25. Rc2 Be3+ 26. Kh1 Rf2 27. Bc1 Rxg2 28. Kxg2 Bb7 29. Kf3 Qf5+ 0-1

[Event "Liechtenstein op 30th"]
[Site "Triesen"]
[Date "2012.05.14"]
[Round "4"]
[White "Guenthner, Oliver"]
[Black "Cebalo, Miso"]
[Result "1/2-1/2"]
[WhiteElo "2261"]
[BlackElo "2437"]
[PlyCount "73"]
[EventDate "2012.05.11"]
[EventType "swiss"]
[EventRounds "9"]
[EventCountry "LIE"]
[SourceTitle "CBM 148 Extra"]
[Source "ChessBase"]
[SourceDate "2012.06.22"]
[SourceVersion "1"]
[SourceVersionDate "2012.06.22"]
[SourceQuality "1"]

1. d4 Nf6 2. Nf3 c5 3. g3 b6 4. d5 d6 5. c4 e6 6. Nc3 exd5 7. Nxd5 Bb7 8. Bg2 Bxd5 9. cxd5 g6 10. b3 Bg7 11. Bb2 0-0 12. 0-0 Nbd7 13. Nd2 b5 14. e4 Re8 15. Re1 Qb6 16. Qc2 Rac8 17. Bh3 Rc7 18. Bc3 c4 19. bxc4 b4 20. Bb2 Ne5 21. Kg2 Nfg4 22. Re2 h5 23. Qb3 Rce7 24. f3 f5 25. Rae1 Nd7 26. Bxg7 Kxg7 27. Qb2+ Kh7 28. Bxg4 hxg4 29. f4 Nc5 30. Qc2 a5 31. Kf1 fxe4 32. Nxe4 Nxe4 33. Rxe4 Rxe4 34. Rxe4 Rxe4 35. Qxe4 b3 36. Qe7+ Kg8 37. Qe8+ 1/2-1/2

[Event "Stuttgart op"]
[Site "Gerlingen"]
[Date "2011.06.03"]
[Round "4"]
[White "Guenthner, Oliver"]
[Black "Bodrozic, Tomislav"]
[Result "1-0"]
[WhiteElo "2276"]
[BlackElo "2104"]
[PlyCount "63"]
[EventDate "2011.06.02"]
[EventType "swiss"]
[EventRounds "7"]
[EventCountry "GER"]
[SourceTitle "CBM 142 Extra"]
[Source "ChessBase"]
[SourceDate "2011.06.27"]
[SourceVersion "1"]
[SourceVersionDate "2011.06.27"]
[SourceQuality "1"]

1. Nf3 Nf6 2. g3 g6 3. Bg2 Bg7 4. 0-0 0-0 5. c4 d6 6. Nc3 e5 7. d4 Nbd7 8. e4 exd4 9. Nxd4 Re8 10. Re1 a6 11. h3 Rb8 12. Bf4 Ne5 13. Bf1 Bd7 14. Rc1 Qc8 15. Kh2 h5 16. Rc2 h4 17. g4 Nfxg4+ 18. hxg4 Bxg4 19. f3 c5 20. fxg4 Nxg4+ 21. Kh1 Bxd4 22. Qf3 Bxc3 23. Rxc3 Ne5 24. Qf2 Qd8 25. Rh3 Kg7 26. Bxe5+ Rxe5 27. Rxh4 f5 28. exf5 Rxf5 29. Qh2 Qxh4 30. Qxh4 Rh8 31. Re7+ Kg8 32. Re8+ 1-0

[Event "Stuttgart-chA int"]
[Site "Gerlingen"]
[Date "2011.06.02"]
[Round "1"]
[White "Boyard, Marie"]
[Black "Guenthner, Oliver"]
[Result "1/2-1/2"]
[WhiteElo "1989"]
[BlackElo "2276"]
[PlyCount "154"]
[EventDate "2011.06.02"]
[EventType "swiss"]
[EventRounds "7"]
[EventCountry "GER"]
[SourceTitle "EXT 2018"]
[Source "ChessBase"]
[SourceDate "2017.10.13"]
[SourceVersion "1"]
[SourceVersionDate "2017.10.13"]
[SourceQuality "1"]

1. e4 c5 2. Nf3 d6 3. d4 cxd4 4. Nxd4 Nf6 5. Nc3 a6 6. Be2 e5 7. Nb3 Be6 8. Bf3 Be7 9. Be3 Nbd7 10. Qe2 h5 11. 0-0-0 b5 12. g3 Bc4 13. Qd2 a5 14. Nd5 Nxd5 15. exd5 a4 16. Qb4 axb3 17. axb3 e4 18. Bxe4 Be2 19. Rde1 Bg4 20. h3 Ra1+ 21. Kd2 Rxe1 22. Kxe1 f5 23. Bg2 f4 24. hxg4 fxe3 25. fxe3 Qb6 26. Ke2 Nf6 27. gxh5 Rxh5 28. Rxh5 Nxh5 29. Qg4 Nf6 30. Qxg7 Qa6 31. Qg6+ Kd8 32. Qd3 Ng4 33. Bh3 Ne5 34. Qf5 b4+ 35. Kd2 Qa8 36. Qe4 Qb7 37. Be6 Kc7 38. g4 Qb8 39. Qh7 Qf8 40. Qf5 Qh8 41. Qh5 Qf6 42. Bf5 Qh4 43. Qxh4 Bxh4 44. c3 Kb6 45. cxb4 Kb5 46. Kc3 Bf6 47. Kc2 Kxb4 48. Bc8 Bg5 49. e4 Bf6 50. Bf5 Nf3 51. Bc8 Ne5 52. Bf5 Kc5 53. Be6 Kd4 54. Bf5 Nd3 55. b4 Nxb4+ 56. Kb3 Kc5 57. Be6 Nd3 58. Kc2 Nxb2 59. g5 Bg7 60. Kd2 Kd4 61. Bf5 Nc4+ 62. Ke2 Ne5 63. Kf2 Nf7 64. g6 Ng5 65. Kg2 Nxe4 66. Be6 Nf6 67. Kf3 Nxd5 68. Kg4 Ne3+ 69. Kg5 Ke5 70. Bc8 d5 71. Ba6 Nc4 72. Bb7 d4 73. Bf3 d3 74. Bd1 Ne3 75. Ba4 d2 76. Bb3 d1Q 77. Bxd1 Nxd1 1/2-1/2

[Event "Agueimes op 1st"]
[Site "Agueimes"]
[Date "2011.04.26"]
[Round "3"]
[White "Hilbenz, Guntram"]
[Black "Guenthner, Oliver"]
[Result "1/2-1/2"]
[WhiteElo "1919"]
[BlackElo "2276"]
[PlyCount "82"]
[EventDate "2011.04.24"]
[EventType "swiss"]
[EventRounds "5"]
[EventCountry "ESP"]
[SourceTitle "CBM 142 Extra"]
[Source "ChessBase"]
[SourceDate "2011.06.27"]
[SourceVersion "1"]
[SourceVersionDate "2011.06.27"]
[SourceQuality "1"]

1. Nf3 g6 2. c4 c5 3. g3 Bg7 4. Bg2 Nc6 5. 0-0 a6 6. Nc3 Rb8 7. a4 e5 8. d3 d6 9. Bg5 f6 10. Bd2 Nge7 11. Ne1 0-0 12. Nc2 Be6 13. Ne3 h6 14. Ned5 a5 15. e3 b6 16. b3 Qd7 17. Rc1 Bg4 18. Bf3 Be6 19. Bg2 Kh7 20. Qe2 f5 21. Nxe7 Nxe7 22. Bd5 Bxd5 23. cxd5 Rbe8 24. f3 h5 25. e4 f4 26. Kh1 g5 27. gxf4 gxf4 28. Rg1 Bf6 29. Rg2 Rg8 30. Rcg1 Rxg2 31. Rxg2 Nc8 32. Be1 Na7 33. Rg1 Re7 34. Qg2 Rg7 35. Qf1 Rxg1+ 36. Kxg1 Bd8 37. Qg2 Qg7 38. Qxg7+ Kxg7 39. Kg2 Kg6 40. Kh3 Bf6 41. Bd2 Bd8 1/2-1/2

[Event "Agueimes op 1st"]
[Site "Agueimes"]
[Date "2011.04.25"]
[Round "2"]
[White "Guenthner, Oliver"]
[Black "Acosta Artiles, Manuel"]
[Result "1/2-1/2"]
[WhiteElo "2276"]
[BlackElo "1996"]
[PlyCount "42"]
[EventDate "2011.04.24"]
[EventType "swiss"]
[EventRounds "5"]
[EventCountry "ESP"]
[SourceTitle "CBM 142 Extra"]
[Source "ChessBase"]
[SourceDate "2011.06.27"]
[SourceVersion "1"]
[SourceVersionDate "2011.06.27"]
[SourceQuality "1"]

1. c4 c5 2. Nc3 Nc6 3. g3 g6 4. Bg2 Bg7 5. Nf3 a6 6. 0-0 Rb8 7. a4 e5 8. e4 Nge7 9. d3 0-0 10. Bg5 f6 11. Be3 Nd4 12. Nh4 d6 13. Rb1 g5 14. Nf3 Bg4 15. Bxd4 cxd4 16. Ne2 Qd7 17. b3 b5 18. axb5 axb5 19. Nd2 Nc6 20. f3 Be6 21. Ra1 Nb4 1/2-1/2

[Event "Pula op 24th"]
[Site "Pula"]
[Date "2010.06.24"]
[Round "7"]
[White "Takac, Zvonko"]
[Black "Guenthner, Oliver"]
[Result "0-1"]
[WhiteElo "2085"]
[BlackElo "2270"]
[PlyCount "126"]
[EventDate "2010.06.19"]
[EventType "swiss"]
[EventRounds "9"]
[EventCountry "CRO"]
[SourceTitle "CBM 137 Extra"]
[Source "ChessBase"]
[SourceDate "2010.09.01"]
[SourceVersion "1"]
[SourceVersionDate "2010.09.01"]
[SourceQuality "1"]

1. f4 c5 2. Nf3 Nc6 3. b3 d6 4. Bb2 Bg4 5. e3 e6 6. Bb5 Rc8 7. 0-0 a6 8. Bxc6+ Rxc6 9. Qe1 Nf6 10. d3 Bxf3 11. Rxf3 g6 12. Nd2 Bg7 13. e4 0-0 14. Rh3 Nh5 15. Bxg7 Kxg7 16. Qe3 Qf6 17. Rf1 Qd4 18. e5 f5 19. exd6 b5 20. Kh1 Rxd6 21. Rhf3 Re8 22. Re1 Qxe3 23. Rexe3 Nf6 24. g3 h6 25. Rf1 g5 26. Rfe1 Nd5 27. Re5 gxf4 28. gxf4 Kf6 29. Nf3 Rc8 30. Rg1 Nxf4 31. Ree1 Rdd8 32. Rgf1 Rg8 33. Ne5 Ng6 34. Nd7+ Ke7 35. Nb6 Rb8 36. Nd5+ Kd6 37. Nc3 Ne7 38. a4 Nd5 39. Nxd5 Kxd5 40. axb5 axb5 41. Re2 Kd6 42. Rfe1 Rbe8 43. Re5 b4 44. h3 Re7 45. d4 cxd4 46. Rb5 Rc8 47. Rxb4 e5 48. Re2 Rec7 49. Rb6+ Rc6 50. Rb5 Rc5 51. Rb6+ R8c6 52. Rxc6+ Rxc6 53. Kg2 e4 54. Kg3 Ke5 55. Rf2 Rg6+ 56. Kh4 e3 57. Rf1 Rc6 58. Kh5 Ke4 59. b4 Rxc2 60. Rb1 d3 61. b5 d2 62. b6 Rc8 63. b7 Rb8 0-1

[Event "Pula op 24th"]
[Site "Pula"]
[Date "2010.06.21"]
[Round "3"]
[White "Kuljasevic, Davorin"]
[Black "Guenthner, Oliver"]
[Result "1-0"]
[WhiteElo "2539"]
[BlackElo "2270"]
[PlyCount "75"]
[EventDate "2010.06.19"]
[EventType "swiss"]
[EventRounds "9"]
[EventCountry "CRO"]
[SourceTitle "CBM 137 Extra"]
[Source "ChessBase"]
[SourceDate "2010.09.01"]
[SourceVersion "1"]
[SourceVersionDate "2010.09.01"]
[SourceQuality "1"]

1. d4 d5 2. c4 Bf5 3. cxd5 Bxb1 4. Qa4+ c6 5. Rxb1 Qxd5 6. Nf3 Nd7 7. b4 Nb6 8. Qc2 Nf6 9. e3 e6 10. Bd3 Be7 11. e4 Qd8 12. 0-0 h6 13. Qe2 Nh7 14. Be3 0-0 15. Ne5 Nd7 16. Nc4 Qb8 17. b5 c5 18. d5 exd5 19. exd5 Re8 20. d6 Bg5 21. Bxh7+ Kxh7 22. Qd3+ Kg8 23. Bxg5 hxg5 24. Rfe1 Nf6 25. Qf5 Qc8 26. Qxg5 Qd7 27. Rxe8+ Rxe8 28. Qxc5 Qe6 29. Ne3 Qxa2 30. Rf1 Qd2 31. Qc7 Qd3 32. Qxb7 Qxd6 33. Qxa7 Re4 34. h3 Qd3 35. Qc5 Re8 36. b6 Ne4 37. Qc6 Rb8 38. b7 1-0

[Event "BL2-Sued 0910"]
[Site "Germany"]
[Date "2010.02.28"]
[Round "7.7"]
[White "Guenthner, Oliver"]
[Black "Koehler, Ronald"]
[Result "1/2-1/2"]
[WhiteElo "2280"]
[BlackElo "2275"]
[PlyCount "83"]
[EventDate "2009.10.18"]
[EventType "team-tourn"]
[EventRounds "9"]
[EventCountry "GER"]
[SourceTitle "EXT 2011"]
[Source "ChessBase"]
[SourceDate "2010.11.26"]
[SourceVersion "1"]
[SourceVersionDate "2010.11.26"]
[SourceQuality "1"]
[WhiteTeam "Neuhausen"]
[BlackTeam "Griesheim"]
[WhiteTeamCountry "GER"]
[BlackTeamCountry "GER"]

1. Nf3 c5 2. c4 Nf6 3. g3 d5 4. cxd5 Nxd5 5. Bg2 Nc6 6. Nc3 Nc7 7. 0-0 e5 8. d3 Be7 9. Nd2 Bd7 10. Nc4 f6 11. Ne3 Rc8 12. Bd2 b6 13. a3 Ne6 14. Ncd5 Ncd4 15. Nxe7 Qxe7 16. b4 Bc6 17. Bxc6+ Rxc6 18. Nc4 Qd7 19. e3 Nf5 20. b5 Rc7 21. Qg4 g6 22. Rfd1 Kf7 23. a4 h5 24. Qe2 h4 25. g4 Nd6 26. h3 Ng5 27. f4 exf4 28. exf4 Ne6 29. Qf2 Nxc4 30. dxc4 Qd4 31. Rac1 Rd7 32. Qxd4 Nxd4 33. Be3 Rhd8 34. Kf2 Nb3 35. Rxd7+ Rxd7 36. Rc3 Nd2 37. Rc2 Ne4+ 38. Kf3 f5 39. gxf5 gxf5 40. Ke2 Ke6 41. Rc1 Rg7 42. Rg1 1/2-1/2